Normal view
MARC view
- MARS Abode of Life
Entry Topical Term
001 - CONTROL NUMBER
- control field: 113512
003 - CONTROL NUMBER IDENTIFIER
- control field: NUST
005 - DATE AND TIME OF LATEST TRANSACTION
- control field: 20230711093902.0
008 - FIXED-LENGTH DATA ELEMENTS
- fixed length control field: 230711|| aca||aabn | a|a d
040 ## - CATALOGING SOURCE
- Original cataloging agency: NUST
- Transcribing agency: NUST
150 ## - HEADING--TOPICAL TERM
- Topical term or geographic name entry element: MARS Abode of Life
670 ## - SOURCE DATA FOUND
- Source citation: Work cat.: (NUST)181365: Lowell,Percival 113511, MARS as The Abode of Life / , 1909.
